The provisional city : (Record no. 29854)

MARC details
000 -LEADER
campo de control de longitud fija 02570cam a22004094a 4500
003 - IDENTIFICADOR DE NÚMERO DE CONTROL
campo de control BJBSDDR
005 - FECHA Y HORA DE LA ÚLTIMA TRANSACCIÓN
campo de control 20230410104005.0
007 - CAMPO FIJO DE DESCRIPCIÓN FÍSICA--INFORMACIÓN GENERAL
campo de control de longitud fija ta
008 - DATOS DE LONGITUD FIJA--INFORMACIÓN GENERAL
campo de control de longitud fija 000412s2000 mauab b 001 0 eng
020 ## - NÚMERO INTERNACIONAL ESTÁNDAR DEL LIBRO
Número Internacional Estándar del Libro 0262032767
020 ## - NÚMERO INTERNACIONAL ESTÁNDAR DEL LIBRO
Número Internacional Estándar del Libro 9780262032766
020 ## - NÚMERO INTERNACIONAL ESTÁNDAR DEL LIBRO
Número Internacional Estándar del Libro 0262532026
020 ## - NÚMERO INTERNACIONAL ESTÁNDAR DEL LIBRO
Número Internacional Estándar del Libro 9780262532020
040 ## - FUENTE DE CATALOGACIÓN
Centro catalogador/agencia de origen DLC
Centro/agencia transcriptor DLC
Lengua de catalogación eng
041 ## - CÓDIGO DE IDIOMA
Código de lengua del texto/banda sonora o título independiente eng
042 ## - CÓDIGO DE AUTENTICACIÓN
Código de autenticación pcc
043 ## - CÓDIGO DE ÁREA GEOGRÁFICA
Código de área geográfica n-us-ca
050 14 - SIGNATURA TOPOGRÁFICA DE LA BIBLIOTECA DEL CONGRESO
Número de clasificación NA 7238
Número de ítem C965p 2000
082 00 - NÚMERO DE LA CLASIFICACIÓN DECIMAL DEWEY
Número de clasificación 307.76/09794/9409044
100 1# - ENTRADA PRINCIPAL--NOMBRE DE PERSONA
Nombre de persona Cuff, Dana,
Fechas asociadas al nombre 1953-
245 14 - MENCIÓN DEL TÍTULO
Título The provisional city :
Resto del título Los Angeles stories of architecture and urbanism /
Mención de responsabilidad, etc. Dana Cuff.
260 ## - PUBLICACIÓN, DISTRIBUCIÓN, ETC.
Lugar de publicación, distribución, etc. Cambridge, Mass. :
Nombre del editor, distribuidor, etc. MIT Press,
Fecha de publicación, distribución, etc. c2000.
300 ## - DESCRIPCIÓN FÍSICA
Extensión x, 380 pages :
Otras características físicas illustrations, maps ;
Dimensiones 26 cm.
504 ## - NOTA DE BIBLIOGRAFÍA, ETC.
Nota de bibliografía, etc. Includes bibliographical references (p. [257]-372) and index.
520 ## - RESUMEN, ETC.
Sumario, etc. The provisional city is one of constant erasure and eruption. Through what Dana Cuff calls a "convulsive urban act," developers both public and private demolish an urban site and disband its inhabitants, replacing it with some vision of a better life that leaves no trace of the former structure. Architects bring their own utopian dreams to the process. In this book Cuff examines those convulsions through two underestimated dimensions of architectural and urban form: scale and the politics of property. Scale is intimately tied to degree of disruption: the larger a project's scale, the greater the upheaval. As both culture and geography, real estate plays an equally significant role in urban formation.
650 #0 - PUNTO DE ACCESO ADICIONAL DE MATERIA--TÉRMINO DE MATERIA
Término de materia o nombre geográfico como elemento de entrada Architecture, Domestic
Subdivisión geográfica California
-- Los Angeles.
650 #4 - PUNTO DE ACCESO ADICIONAL DE MATERIA--TÉRMINO DE MATERIA
Término de materia o nombre geográfico como elemento de entrada Arquitectura doméstica
Subdivisión geográfica Los Ángeles (California, Estados Unidos)
9 (RLIN) 26370
650 #0 - PUNTO DE ACCESO ADICIONAL DE MATERIA--TÉRMINO DE MATERIA
Término de materia o nombre geográfico como elemento de entrada Architecture
Subdivisión geográfica California
-- Los Angeles
Subdivisión general History
Subdivisión cronológica 20th century.
650 #4 - PUNTO DE ACCESO ADICIONAL DE MATERIA--TÉRMINO DE MATERIA
Término de materia o nombre geográfico como elemento de entrada Arquitectura
Subdivisión geográfica Los Ángeles (California, Estados Unidos)
Subdivisión general Historia
Subdivisión cronológica Siglo XX
9 (RLIN) 4309
650 #0 - PUNTO DE ACCESO ADICIONAL DE MATERIA--TÉRMINO DE MATERIA
Término de materia o nombre geográfico como elemento de entrada City planning
Subdivisión geográfica California
-- Los Angeles
Subdivisión general History
Subdivisión cronológica 20th century.
650 #4 - PUNTO DE ACCESO ADICIONAL DE MATERIA--TÉRMINO DE MATERIA
Término de materia o nombre geográfico como elemento de entrada Urbanismo
Subdivisión geográfica Los Ángeles (California, Estados Unidos)
9 (RLIN) 4616
650 #0 - PUNTO DE ACCESO ADICIONAL DE MATERIA--TÉRMINO DE MATERIA
Término de materia o nombre geográfico como elemento de entrada Public housing
Subdivisión geográfica California
-- Los Angeles
Subdivisión general History
Subdivisión cronológica 20th century.
650 #4 - PUNTO DE ACCESO ADICIONAL DE MATERIA--TÉRMINO DE MATERIA
Término de materia o nombre geográfico como elemento de entrada Vivienda popular
Subdivisión geográfica Los Ángeles (California, Estados Unidos)
Subdivisión general Historia
Subdivisión cronológica Siglo XX
9 (RLIN) 26371
906 ## - ELEMENTOS DE DATOS F LOCAL, LDF (RLIN)
a 7
b cbc
c orignew
d 1
e ocip
f 20
g y-gencatlg
942 ## - ELEMENTOS DE ENTRADA SECUNDARIOS (KOHA)
Fuente del sistema de clasificación o colocación Clasificación de Library of Congress
Tipo de ítem Koha Libro
Holdings
Estatus retirado Estado de pérdida Estado de daño No para préstamo Colección Biblioteca de origen Biblioteca actual Ubicación en estantería Fecha de adquisición Signatura topográfica completa Código de barras Visto por última vez Copia número Tipo de ítem Koha
        Humanidades Biblioteca Juan Bosch Biblioteca Juan Bosch Humanidades (4to. Piso) 10/04/2023 NA 7238 C965p 2000 00000083567 23/10/2018 1 Libro